000 01039cam a2200277 4500
008 010925n2001 000 0 eng u
020 _a0419237704
035 _a(Sirsi) u114824
050 _a624.171
100 _aArmer, G.
245 _aMonitoring and assessment of structures
260 _aLondon
_bSpon
_c2001
300 _aix,167p.
_bill.
_c24cm.
350 _a45.00
520 _aThis handbook for property managers, surveyors, civil and structural engineers details the latest methodologies for monitoring existing structures to minimise repair and maintenance costs and extend their useful life. Prepared by an international team of experts the text includes numerous cases studies and examples.
650 _aBUILDING SURVEYS
650 _aDYNAMIC MONITORING
650 _aLASER SURVEYING
650 _aMAINTENANCE COSTS
650 _aPHOTOGRAMMETRY
650 _aREPAIR COSTS
650 _aSTRUCTURAL SURVEYS
650 _aVISUAL INSPECTION
690 _aBUILT ENVIRONMENT-BUILDING INSPECTION
942 _n0
999 _c101677
_d101677